| 000 | 00409nam a22001577a 4500 | ||
|---|---|---|---|
| 003 | BD-DhUL | ||
| 005 | 20170419172601.0 | ||
| 008 | 170419b xxu||||| |||| 00| 0 eng d | ||
| 040 |
_cBD-DhUL _dBD-DhUL |
||
| 082 |
_a324.973 _bASH |
||
| 245 | _aPresidential election and american politics / | ||
| 260 |
_aChicago : _bIllions , |
||
| 300 |
_a472p. : _bill., _c26cm. |
||
| 650 | 0 | _apolitics | |
| 942 |
_2ddc _cREF |
||
| 999 |
_c188674 _d188674 |
||